MDQL
is popping MORE tags! Check the
thread
!
Quizzes
Events
Quiz Creation
Community
Videos
Private Events
Remove Ads
Sign In
Join for FREE
Feedback
Dark Mode
Quiz Categories
Sports
Geography
Music
Movies
Television
Just For Fun
Miscellaneous
History
Literature
Language
Science
Gaming
Entertainment
Religion
Holiday
For Kids
Quiz Lab
Recent
Popular Today
Quiz Kudos Today
Editor Picks
Curator Picks
Quizzes by...
Day
Popularity
Type
Ratings
Length
Year
Community
Subscriptions
Recent Discussions
Orange Saloon
Badges
Playlists
Quests
Create
Leaderboards
Showdown
Live 5
Trivia Bingo
Activity
Puzzle Library
Sporcle Events
Private Events
Virtual Trivia
Globe League
Become a Host
Pub Owners
SporcleCon
Opinionation
Our Games
Videos
Blog
Mobile Apps
Partnerships
Remove Ads and Go Orange
Feedback
Music
Pop Music
The Beatles
Song
Album
Lyrics
Bands
Singers
Artist
Clip
Rock
Rap
Classical
Billboard
Country Music
Kpop
Taylor Swift
Music
Pop Music
The Beatles
Song
Album
Lyrics
Bands
Singers
Artist
Clip
Rock
Rap
Classical
Billboard
Country Music
Kpop
Taylor Swift
Random Quiz
Search Sporcle
×
Quiz Lab
Quiz Lab
Music
Song
Type in answers that appear in a list
Type in answers that appear in a list
Classic
Best Score? Go Orange.
Springsteen Geography Stats
Can you name the geographic locations mentioned in the song titles of Bruce Springsteen's studio albums?
By
Norumbega
8m
22 Questions
567 Plays
567 Plays
567 Plays
Comments
Comments
Give Quiz Kudos
Give Quiz Kudos
-
- Ratings
hide this ad
Replay
Link that replays current quiz
Next Quiz
Link to next quiz in quiz playlist
You Got
0%
They Got
Avg Score
42%
Avg Friend Score
Upgrade to see
Score Distribution
Jump to the score distribution portion of the page
Score
0/22
Timer
08:00
0
Plays Today
Album
Song
% Correct
Nebraska
Nebraska
76.9%
Born in the U.S.A.
Born in the U.S.A.
68.4%
Nebraska
Atlantic City
63.8%
The Wild, the Innocent & the E Street Shuffle
4th of July, Asbury Park (Sandy)
63.5%
Born to Run
Thunder Road
60.7%
Born in the U.S.A.
Darlington County
57.3%
The Wild, the Innocent & the E Street Shuffle
New York City Serenade
56.1%
Born to Run
Tenth Avenue Freeze-Out
54.3%
Greetings from Asbury Park, N.J.
Does This Bus Stop At 82nd Street?
53.4%
The Wild, the Innocent & the E Street Shuffle
Incident on 57th Street
47.6%
Darkness on the Edge of Town
Badlands
46.4%
Album
Song
% Correct
Greetings from Asbury Park, N.J.
Mary Queen of Arkansas
45.5%
The Wild, the Innocent & the E Street Shuffle
The E Street Shuffle
44.3%
The Ghost of Tom Joad
Youngstown
43.6%
Devils & Dust
Reno
29.3%
We Shall Overcome: The Seeger Sessions
Erie Canal
25.6%
We Shall Overcome: The Seeger Sessions
My Oklahoma Home
22.9%
The Ghost of Tom Joad
Galveston Bay
19.4%
The Ghost of Tom Joad
Highway 29
18.7%
Devils & Dust
Matamoros Banks
16.8%
The Ghost of Tom Joad
Balboa Park
15.7%
We Shall Overcome: The Seeger Sessions
Shenandoah
10.1%
Quiz Playlist
Details
Report
Send in Message
Add To Playlist
Classic:
Type in answers that appear in a list
Last Updated: Feb 28, 2017
Quiz Scoreboard
CHALLENGE
Sign Up to Join the Scoreboard
Show All
Scores
Hide
Comments
May contain spoilers
Recently Published
1-10 Letter E Words III
by El_Dandy
Language
2m
Street Fighter Characters
by Artimus82
Gaming
60s
College Basketball Coaching Resumes
by pancakes188
Sports
9m
More to Explore
Quiz From the Vault
Featured Blog Post
Where Did the Easter Bunny Come From?
hide this ad
You Might Also Like...
Tags
Album Quiz
Song Quiz
bruce
Bruce Springsteen
location
mentions
studio
Today's Top Quizzes in Music
Browse Music
hide this ad
Today's Top Quizzes in Song
Browse Song
Top Contributed Quizzes in Music
1
Taylor Swift All Songs (2024)
2
Taylor Swift Logic Puzzle
3
Guess the Artist- 70s Songs
4
7-to-1: Billboard Hot 100 #1 Hits of 2010s
5
Sorting Albums and Songs
6
KPOP LOGIC QUIZ
7
Billboard Blitz: Aretha Franklin
8
Guess the Taylor Swift song (Mystery Song)
9
Guess The Taylor Swift Lyrics Song #1
10
Billboard Blitz: ABBA
Explore More
Trending Topics
Anime
Kpop
Marvel
Disney
Crossword
NBA
Harry Potter
Country
Soccer
The Office
Pokémon
NFL
Song
Puzzle
WWE
hide this ad
More By:
Norumbega
Quiz
Plays
Rating
Category
Featured
Created
Springsteen Geography
567
4.00
Music
Dec 6, 2009
Famous Backing Vocalists
219
4.50
Music
Nov 21, 2009
Novels of Richard Yates
38
4.00
Literature
Nov 20, 2009
Go to Creator's Profile
Score Distribution
Quiz Creator Spotlight
Norumbega
Follow
Send a Message
Quizzes Created
-
Created Quiz Play Count
-
More By This Creator
Popular Quizzes Today
1
Find the US States - No Outlines Minefield
2
Find the Countries of Europe - No Outlines Minefield
3
Find the US States
4
The Countries of the World
5
Risky Map Clicking: Biggest States A-Z
6
US States
7
Popular People in 1961
8
Movies - When Are They Set?
More Music Quizzes
One Word Musicals - One Letter Out!
Quiz Lab
Trending Quizzes
Risky Map Clicking: Least Populous States A-Z
1-10 Letter G Words
1-10 Letter F Words
Countries of the World: 200 Million BC
Risky Map Clicking: Next State Alphabetically
Recently Updated
Rides in Walt Disney World
pecheneg
Most Oscar Losses (Acting)
pecheneg
Beyoncé Albums
pecheneg
Leaping Animals
pecheneg
Reality TV Shows (A-Z)
bhenderson79
Rickey Henderson's Hall of Fame Teammates
pecheneg
Champions League XIs: Arsenal
pecheneg
Quick Pick: Celebrities in WWE's Hall of Fame
aduchscher
A-Z Keypad Blitz II
pecheneg
Trending Topics
Disney
Harry Potter
NBA
Crossword
Anime
Marvel
Kpop
WWE
Puzzle
Soccer
Pokémon
Country
The Office
Song
NFL
Your Account Isn't Verified!
In order to create a playlist on Sporcle, you need to verify the email address you used during registration. Go to your
Sporcle Settings
to finish the process.
Report this User
Report this user for behavior that violates our
Community Guidelines
.
Details:
Send Report
Go to the Sporcle.com Mobile Site →
Comments